Diario de la Feria : órgano de la Feria Oficial e Internacional de Muestras en Barcelona órgano de la Feria Oficial e Internacional de Muestras en Barcelona
Descripción Física:
Il. ; 34 cm
MARC
| LEADER | 00000nam a2200000Ia 4500 | ||
|---|---|---|---|
| 001 | 14512 | ||
| 008 | 160829s9999 xx 000 0 cat d | ||
| 008 | 160829s9999 xx 000 0 cat d | ||
| 080 | |a Revistes | ||
| 245 | |a Diario de la Feria : |b órgano de la Feria Oficial e Internacional de Muestras en Barcelona | ||
| 260 | |a Barcelona : |b Edigesa, [1957?] - | ||
| 300 | |a Il. ; |c 34 cm | ||
| 362 | |a Año 1, no. 1 (1957, 1 jun.)- | ||
| 590 | |a Diària, mentre dura la fira. | ||
| 590 | |a Descripció basada en: Año 2, no. 1 (1 jun. 1958) | ||
| 610 | 2 | 0 | |a Fira de Barcelona |v Revistes |9 55122 |
| 650 | |a Fires |x Barcelona |x Revistes |9 29975 | ||
| 710 | 2 | |a Fira de Barcelona |9 55121 | |
| 866 | |a Any 2, 1958 (1-20) | ||
| 901 | |a Arxiu | ||
| 942 | |n 1 | ||
| 952 | |0 0 |1 0 |4 0 |6 REVISTES |7 1 |9 45195 |a Arxiu |b Arxiu |d 2016-12-01 |l 0 |o Revistes |p 14512 |r 2016-12-01 00:00:00 |w 2016-12-01 |y ARXIU | ||
| 999 | |c 48267 |d 48267 | ||